000 00337nam a2200133Ia 4500
008 191201s2004 xx 000 0 und d
082 _a629.892
_bYOF
100 _aYOSHIKAWA, Tsuneo
245 0 _aFoundations of Robotics Analysis and Control
260 _aN.Delhi
_bPHI
_c2004
300 _a285
650 _aB.Tech(ECE)
942 _2ddc
_cBK
999 _c2014
_d2014